| 000 | 00843nam a22002897a 4500 | ||
|---|---|---|---|
| 001 | 200461640 | ||
| 003 | TR-AnTOB | ||
| 005 | 20241119085346.0 | ||
| 008 | 240708b tu ||||| |||| 00| 0 tur d | ||
| 020 | _a9789753102438 | ||
| 040 |
_aTR-AnTOB _beng _erda _cTR-AnTOB |
||
| 041 | _atur | ||
| 092 |
_a813.42 _bERD 2020 |
||
| 100 | 1 |
_aErdoğan, Fatih _eauthor _9139862 |
|
| 245 |
_aKorsan kitap çetesi / _cFatih Erdoğan ; editör: Keriman Güldiken |
||
| 250 | _a13. bs. | ||
| 260 |
_aİstanbul : _bMavi Bulut ; _c2020. |
||
| 300 |
_a239 Pages. : _bill ; _c23 cm. |
||
| 336 |
_atext _btxt _2rdacontent |
||
| 337 |
_aunmediated _bn _2rdamedia |
||
| 338 |
_avolume _bnc _2rdacarrier |
||
| 653 | _a Türk edebiyatı | ||
| 700 | 1 |
_aGüldiken, Keriman _9146227 |
|
| 942 |
_2ddc _cBK |
||
| 999 |
_c200461640 _d79852 |
||